• 首页
  • 本馆介绍
  • 公告通知
  • 最新文献
  • 馆藏检索
  • 电子资源
  • 读者导购
  • 参考咨询
  • 我的图书馆
  • 登录
  • 详细信息显示
  • 放入我的书架
  • 预约/预借图书
  • 作者相关作品
  • 分类相关作品
  • 丛书相关作品
  • 出版社相关作品

书目信息

  • 表格格式
  • 工作单格式
  • 卡片格式
题名:
电机与拖动基础
    
 
作者: 邱阿瑞 主编
分册:  
出版信息: 北京   高等教育出版社  2006.05
页数: 293页
开本: 23cm
丛书名:
单 册:
中图分类: TM3 , TM921
科图分类:
主题词: 电机--高等学校--教材 , 电力拖动--高等学校--教材
电子资源:
ISBN: 978-7-04-019343-5
000 00933nam0 22002651 450
001 012008000001
005 20110216112251.0
010    @a978-7-04-019343-5@dCNY 30.30
100    @a20060529d2006 em y0chiy0110 ea
101 0  @achi@eeng
102    @aCN@b110000
105    @ay z 001yy
200 1  @a电机与拖动基础@9Dian Ji Yu Tuo Dong Ji Chu@e少学时@EShao Xue Shi@f邱阿瑞主编@FQiu A Rui Zhu Bian
210    @a北京@c高等教育出版社@d2006.05
215    @a293页@d23cm
300    @a普通高等教育“十五”国家级规划教材 高等学校电气工程及其自动化、自动化专业系列教材
330    @a本书共分8章,重点介绍电力拖动系统的运动方程式;主要讨论直流电动机的基本原理与特性;介绍直流电动机的电力拖动等内容。
606 0  @a电机@x高等学校@j教材
606 0  @a电力拖动@x高等学校@j教材
690    @aTM3@v5
690    @aTM921@v4
701  0 @a邱阿瑞@9Qiu A Rui@4主编
801  0 @aCN@bZSL@c20110216
905    @aBZT@dTM3@e11
906    @dCNY24.50@n0@r1
    
    电机与拖动基础:少学时/邱阿瑞主编.-北京:高等教育出版社,2006.05
    293页;23cm
    普通高等教育“十五”国家级规划教材 高等学校电气工程及其自动化、自动化专业系列教材
    
    ISBN 978-7-04-019343-5:CNY 30.30
    本书共分8章,重点介绍电力拖动系统的运动方程式;主要讨论直流电动机的基本原理与特性;介绍直流电动机的电力拖动等内容。
●
相关链接 在五车中查询图书 在当当中查询图书 在豆瓣中查询图书


正题名:电机与拖动基础     索取号:TM3/11         预约/预借

序号 登录号 条形码 馆藏地/架位号 状态 备注
1 759417   2000759417   样本书库/样003架B面1层1列/ [索取号:TM3/11] 在馆    
2 759418   2000759418   中心书库中库/ 中库029架A面1列3层28/ [索取号:TM3/11] 在馆    
3 759419   2000759419   中心书库中库/ 中库029架A面1列3层30/ [索取号:TM3/11] 在馆    
4 759420   2000759420   中心书库中库/ 中库029架A面1列3层27/ [索取号:TM3/11] 在馆    
5 759421   2000759421   中心书库中库/ 中库029架A面1列3层29/ [索取号:TM3/11] 在馆    
山东省滨州职业学院图书馆 欢迎您!
大连网信软件有限公司© 版权所有